LEADER 01206nam0 2200337 i 450 001 RAV0194537 005 20231121125637.0 010 $a8842040541 020 $aIT$b92-7492 100 $a19990917d1992 ||||0itac50 ba 101 | $aita 102 $ait 181 1$6z01$ai $bxxxe 182 1$6z01$an 200 1 $aIntroduzione a Cicerone$fdi Emanuele Narducci 210 $aRoma \etc.!$cLaterza$d1992 215 $aVII, 241 p.$d18 cm 225 | $a˜Gli œscrittori$v36 410 0$1001CFI0128454$12001 $a˜Gli œscrittori$v36 606 $aCicerone, Marco Tullio$2FIR$3RMLC115280$9N 676 $a871.01$9Poesia latina. Origini-500$v21 700 1$aNarducci$b, Emanuele$3CFIV011646$4070$0168212 801 3$aIT$bIT-01$c19990917 850 $aIT-RM0211 $aIT-FR0017 899 $aFondazione Marco Besso$bRM0211 899 $aBiblioteca umanistica Giorgio Aprea$bFR0017 $eN 912 $aRAV0194537 950 0$aBiblioteca umanistica Giorgio Aprea$d 52MAG 1 COLL B 36$e 52FLS0000016865 VMN RS $fA $h20180724$i20180724 977 $a 14$a 52 996 $aIntroduzione a Cicerone$9631371 997 $aUNICAS